000 00824nam a22002177a 4500
005 20090826105420.0
008 090826t xxu||||| |||| 00| 0 eng d
010 _aENG-94890
020 _a9788178791366
_c140.00
035 _aEN-78423
037 _bDBAD / PUB
040 _adpl
_bEnglish
082 _a796.342
245 _aTennis rule book 2009 /
_cedited & compiled by O.P. Sharma
260 _aNew Delhi
_bSports Publication
_c2009
270 _a7/26, Gound Floor, Ansari Road, Darya Ganj,
_bNew Delhi
_e110002
300 _a64p. :
_c22cm(Hb)
_bill.
700 _aSharma, O.P.
942 _2ddc
_cEN
_mTEN
_h796.342
999 _c29609
_d29609